000 00659nam a22002417a 4500
003 UA-OsUOA
001 90360
007 ta
008 20121116b un ||||| |||| 00| 0 ukr d
100 _aМаковей О. С.
090 _a821.161.2
_bМ16
942 _cBK
040 _aUA-OsUOA
_bukr
_cUA-OsUOA
_dUA-OsUOA
245 _aЯрошенко
_bісторична повість, нариси
300 _a262 с.
955 _a3
041 _aukr
080 _a821.161.2
020 _a5-7745-0038-1
260 _aЛьвів
_bКаменяр
_c1989
650 7 _a82 Література. Літературознавство
_2UDC
999 _c376309
_d376309